Psychology of sport excellence (Record no. 64471)
[ view plain ]
| 000 -LEADER | |
|---|---|
| fixed length control field | 00530nam a2200193Ia 4500 |
| 001 - CONTROL NUMBER | |
| control field | 63817 |
| 008 - FIXED-LENGTH DATA ELEMENTS--GENERAL INFORMATION | |
| fixed length control field | 150109s9999 xx 000 0 und d |
| 020 ## - INTERNATIONAL STANDARD BOOK NUMBER | |
| International Standard Book Number | 9781885693907 |
| 040 ## - CATALOGING SOURCE | |
| Transcribing agency | PK-LaUMT |
| 082 ## - DEWEY DECIMAL CLASSIFICATION NUMBER | |
| Classification number | 612.044 |
| Item number | PSY- |
| 100 ## - MAIN ENTRY--PERSONAL NAME | |
| Personal name | Hung, Tsung-Min |
| 245 ## - TITLE STATEMENT | |
| Title | Psychology of sport excellence |
| Statement of responsibility, etc | Hung, Tsung-Min|Lidor, Ronnie|Hackfort, Dieter |
| 260 ## - PUBLICATION, DISTRIBUTION, ETC. (IMPRINT) | |
| Place of publication, distribution, etc | Morgantown: |
| Name of publisher, distributor, etc | Fitness Information Technology, |
| Date of publication, distribution, etc | 2009 |
| 300 ## - PHYSICAL DESCRIPTION | |
| Extent | 151 p. |
| 546 ## - LANGUAGE NOTE | |
| Language note | EN |
| 700 ## - ADDED ENTRY--PERSONAL NAME | |
| Personal name | Hackfort, Dieter |
| 700 ## - ADDED ENTRY--PERSONAL NAME | |
| Personal name | Lidor, Ronnie |
| 942 ## - ADDED ENTRY ELEMENTS (KOHA) | |
| Koha item type | Books |
| Withdrawn status | Lost status | Damaged status | Not for loan | Home library | Current library | Date acquired | Total Checkouts | Full call number | Barcode | Date last seen | Price effective from | Koha item type |
|---|---|---|---|---|---|---|---|---|---|---|---|---|
| UMT Main Campus | UMT Main Campus | 2015-01-09 | 612.044 PSY- | 87708 | 2015-01-09 | 2015-01-09 | Books |
